Sports Quiz

Random Sports Quiz

The Chauncey Billups Quiz Stats

 Plays Quiz not verified by Sporcle

Also try: NBA Mascot Blitz
Challenge
Share
Tweet
Embed
Score 0/20 Timer 10:00
0 Plays Today
Question Answer % Correct
What is his career high assists in a game?19
94.2%
What was his fifth team?Detriot Pistons
93.1%
What was his third and sixth team?Denver Nuggets
92.6%
In what season was he awarded finals MVP?2003-04
85.2%
What year was he drafted?1997
84.7%
Has he ever won defensive player of the year?no
83.1%
What is his career high rebounds in a game?12
78.3%
What player was he traded for in the 2008-2009 NBA season?Allen Iverson
76.7%
How tall is he?6'3''
72.5%
What college did he attend?University of Colorado
72.5%
Question Answer % Correct
What team drafted him?Boston Celtics
72%
What is his career high points in a game?37
70.4%
What year was he born?1976
68.8%
What city was he born in?denver
66.7%
How long did he spend with his first teamHalf a year
65.1%
What was his fourth team?Minnesota Timberwolves
59.8%
What number draft pick was he?3rd
58.2%
What was his second team?Toronto Raptors
46.6%
What is his rank for all-time free-throw percentage7th
35.4%
What high school did he attend?George Washington High School
10.6%

You're not logged in!

Compare scores with friends on all Sporcle quizzes.
Join for Free
OR
Log In

You Might Also Like...

Show Comments

Extras

Created Nov 8, 2009ReportNominate
Tags:Chauncey Billups

Top Quizzes Today


Score Distribution

Your Account Isn't Verified!

In order to create a playlist on Sporcle, you need to verify the email address you used during registration. Go to your Sporcle Settings to finish the process.

Report this User

Report this user for behavior that violates our Community Guidelines.

Details: